Statistics for 5 Biggest Cities in U.S. States that start with letter N

Click here to take the quiz!

General Stats

  • This quiz has been taken 204 times
    (202 since last reset)
  • The average score is 22 of 40

Answer Stats

HintAnswer% Correct
New YorkNew York City
96%
New JerseyNewark
87%
NevadaLas Vegas
84%
NevadaReno
81%
New MexicoAlbuquerque
79%
New YorkBuffalo
79%
NebraskaLincoln
79%
NebraskaOmaha
79%
North CarolinaRaleigh
77%
North CarolinaCharlotte
76%
New MexicoSanta Fe
75%
New YorkRochester
73%
New HampshireRochester
73%
New JerseyJersey City
72%
North DakotaFargo
71%
North DakotaBismarck
67%
New HampshireConcord
65%
New YorkSyracuse
65%
North CarolinaDurham
58%
NevadaNorth Las Vegas
58%
NevadaHenderson
57%
New YorkYonkers
57%
New HampshireManchester
55%
New MexicoLas Cruces
54%
North CarolinaGreensboro
53%
North CarolinaWinston-Salem
48%
New HampshireNashua
46%
New JerseyElizabeth
37%
New JerseyPaterson
37%
New MexicoRoswell
31%
North DakotaGrand Forks
30%
North DakotaMinot
28%
New MexicoRio Rancho
24%
NebraskaGrand Island
23%
NebraskaBellevue
20%
NebraskaKearney
19%
NevadaParadise
18%
North DakotaWest Fargo
15%
New JerseyEdison
14%
New HampshireDover
13%

Score Distribution

Percentile by Number Answered

Percent of People with Each Score

Your Score History

You have not taken this quiz since the last reset